|
|
|
|
| LEADER |
02922nam a22005175i 4500 |
| 001 |
978-3-642-19354-5 |
| 003 |
DE-He213 |
| 005 |
20151126001303.0 |
| 007 |
cr nn 008mamaa |
| 008 |
110711s2011 gw | s |||| 0|eng d |
| 020 |
|
|
|a 9783642193545
|9 978-3-642-19354-5
|
| 024 |
7 |
|
|a 10.1007/978-3-642-19354-5
|2 doi
|
| 040 |
|
|
|d GrThAP
|
| 050 |
|
4 |
|a QR1-502
|
| 072 |
|
7 |
|a PSG
|2 bicssc
|
| 072 |
|
7 |
|a SCI045000
|2 bisacsh
|
| 082 |
0 |
4 |
|a 579
|2 23
|
| 245 |
1 |
0 |
|a Recycling of Biomass Ashes
|h [electronic resource] /
|c edited by Heribert Insam, Brigitte A. Knapp.
|
| 250 |
|
|
|a First.
|
| 264 |
|
1 |
|a Berlin, Heidelberg :
|b Springer Berlin Heidelberg,
|c 2011.
|
| 300 |
|
|
|a VIII, 164 p.
|b online resource.
|
| 336 |
|
|
|a text
|b txt
|2 rdacontent
|
| 337 |
|
|
|a computer
|b c
|2 rdamedia
|
| 338 |
|
|
|a online resource
|b cr
|2 rdacarrier
|
| 347 |
|
|
|a text file
|b PDF
|2 rda
|
| 505 |
0 |
|
|a Recycling of Biomass Ashes – Current Technologies and Future Research Needs -- Phosphorus Fertilizing Effects of Biomass Ashes -- Mixtures of Bottom Wood Ash and Meat and Bone Meal as NPK Fertilizer -- Wood Ash Effects on Soil Fauna and Interactions with Carbohydrate Supply: A Mini-Review -- Characterization of Olive Waste Ashes as Fertilizers -- Effects of Ash Applications on Soil Status, Nutrition and Growth of Pinus radiata D. Don Plantations -- Possible Use of Wood Ash and Compost for Improving Acid Tropical Soils -- Ash from Combustion of Cacao Residues for Nutrient Recycling: A Case Study -- The Use of Biomass Combustion Ashes in Brick Making -- Reuse of Woody Biomass Fly Ash in Cement-based Materials: Leaching Tests -- The Swedish Ash Programme with Focus on Bio-ashes. Ashes are a Resource in a Sustainable Society.
|
| 520 |
|
|
|a The use of renewable bioenergy is increasing, and so is the production of associated wastes: biomass ashes. This book presents eleven chapters on the options for recycling such biomass ashes, ranging from their use as fertilizer in agriculture and forestry to their application as a supplement for the production of cement-based materials or bricks. The book also examines the pros and cons for each of the different uses of biomass ashes.
|
| 650 |
|
0 |
|a Life sciences.
|
| 650 |
|
0 |
|a Agriculture.
|
| 650 |
|
0 |
|a Microbiology.
|
| 650 |
|
0 |
|a Waste management.
|
| 650 |
|
0 |
|a Environmental engineering.
|
| 650 |
|
0 |
|a Biotechnology.
|
| 650 |
1 |
4 |
|a Life Sciences.
|
| 650 |
2 |
4 |
|a Microbiology.
|
| 650 |
2 |
4 |
|a Waste Management/Waste Technology.
|
| 650 |
2 |
4 |
|a Environmental Engineering/Biotechnology.
|
| 650 |
2 |
4 |
|a Agriculture.
|
| 700 |
1 |
|
|a Insam, Heribert.
|e editor.
|
| 700 |
1 |
|
|a Knapp, Brigitte A.
|e editor.
|
| 710 |
2 |
|
|a SpringerLink (Online service)
|
| 773 |
0 |
|
|t Springer eBooks
|
| 776 |
0 |
8 |
|i Printed edition:
|z 9783642193538
|
| 856 |
4 |
0 |
|u http://dx.doi.org/10.1007/978-3-642-19354-5
|z Full Text via HEAL-Link
|
| 912 |
|
|
|a ZDB-2-SBL
|
| 950 |
|
|
|a Biomedical and Life Sciences (Springer-11642)
|